000
00314nam a2200109Ia 4500
008
171211s9999 xx 000 0 und d
245
_a
Direct3D Rendering Cookbook
245
_c
Justin Stenning
260
_c
2014
650
_x
IT eBOOKS
856
_u
http://down.ebook777.com/020/Direct3D%20Rendering%20Cookbook.pdf
999
_c
349837
_d
349837